000 01039nam0a22002771 4500
001 rc\3125583
005 20250530080934.0
021 _aRU
_b[75-39822]
035 _a(NLR Aleph) 007313184
090 _a5831521
_c5831521
100 _a20120615d1975 |||y0rusy50 ca
101 0 _arus
102 _aRU
105 _ay z |||||
200 1 _aИнструктор исполнительного комитета районного, городского Совета
210 _aМосква
_cЮрид. лит.
_d1975
215 _a80 с.
_d20
225 1 _aБиблиотечка для работников районных, городских Советов
606 _aСоветы депутатов трудящихся, районные
_2psbo
606 _aСоветы депутатов трудящихся, городские
_2psbo
700 1 _aПанов
_bР.В.
_gРюрик Владимирович
801 0 _aRU
_bNLR
_gpsbo
801 1 _aRU
_bELAR
_2rusmarc
852 _aNLR
_j75-4/8626
942 _cBOOK
980 _aNB